Contratacin̤ pb︢lica

Detalles Bibliográficos
Autor principal: Alonso Timn̤, Antonio J.
Formato: eBook
Lenguaje:español
Publicado: Madrid: Dykinson, 2018
Materias:
Acceso en línea:Acceso restringido

MARC

LEADER 00000nam a22000007a 4500
005 20180719000043.0
007 cr|||| ||||
008 180719s2018 es |||||s|||| 00||0 spa d
020 |a 978-84-9148-619-0 
035 |a 21853 
040 |a vLex 
090 |c 8048  |d 8048 
100 1 |a Alonso Timn̤, Antonio J. 
245 1 0 |a Contratacin̤ pb︢lica  |h [Recurso electrn̤ico] /  |c Antonio J. Alonso Timn̤  
256 |a Servicio en ln̕ea 
260 |a Madrid:  |b Dykinson,  |c 2018 
300 |a 1 recurso electrn̤ico 
506 1 |a Disponible solo en los productos indicados  |d vLex Global  |d vLex Global (Academic Edition, excluding Law Schools)  |d vLex Global (U.S. Academic Edition, Law Schools)  |d vLex Global (U.S. Academic Edition, excluding Law Schools)  |d vLex Global (Academic Edition, Law Schools) 
650 0 4 |a Derecho Pb︢lico y Administrativo  |z Espaą 
740 0 |a vLex Libros (Servicio en ln̕ea) 
856 4 0 |u http://vlex.com/source/contratacion-publica-21853  |z Acceso restringido 
942 |c BOOK 
999 0 |a Public and Administrative Law